| 000 | 00815nam a2200229Ii 4500 | ||
|---|---|---|---|
| 003 | JO-AjNU | ||
| 008 | 230605s9999||||xx |||||||||||||| ||und|| | ||
| 017 | _a1987/153 | ||
| 040 |
_aJO-AjNU _bara _erda _cJO-AjNU |
||
| 041 | _aara | ||
| 050 | 1 | 4 | _aBF38 .O5312 .1987 |
| 100 | 3 |
_aأتاليف أونيل،و.م ، عبد الحميد،شاكر/ترجمة ، العاني،عاهد حسني/مراجعة, _eauthor _913122 |
|
| 245 | 0 | 0 | _aبدايات علم النفس الحديث |
| 250 | _aط1 | ||
| 264 | 3 | 1 | _aبغداد:دار الشؤون الثقافية العامة ،1987 |
| 300 | _a209ص | ||
| 336 |
_atext _btxt _2rdacontent |
||
| 337 |
_aunmediated _bn _2rdamedia |
||
| 338 |
_avolume _bnc _2rdacarrier |
||
| 490 | 0 | _aسلسلة المائة كتاب | |
| 650 | 4 |
_aعلم النفس-تاريخ _913123 |
|
| 999 |
_aA3183 _c6751 _d6751 |
||